Svetová bezpečnosť 20 rokov po rozpade bipolárneho sveta

Pretrvávanie pozostatkov bipolarity v bezpečnostnej oblasti. Nedeliteľnosť a asymetria bezpečnosti. Prelínanie integračných a dezintegračných procesov. Stručná charakteristika súčasnej medzinárodnej bezpečnosti vo svetle nového chápania bezpečnosti. NATO a súčasná medzinárodná bezpečnosť vo svetle k...

Ausführliche Beschreibung

Gespeichert in:
Bibliographische Detailangaben
1. Verfasser: Škvrnda, František
Format: Buchkapitel
Sprache:Slowakisch
Schlagworte:
Tags: Tag hinzufügen
Keine Tags, Fügen Sie das erste Tag hinzu!

MARC

LEADER 00000naa$a2200000$$$4500
001 0126825
005 20240502072439.2
041 0 |a slo 
044 |a SK 
245 1 0 |a Svetová bezpečnosť 20 rokov po rozpade bipolárneho sveta  |c František Škvrnda 
520 |a Pretrvávanie pozostatkov bipolarity v bezpečnostnej oblasti. Nedeliteľnosť a asymetria bezpečnosti. Prelínanie integračných a dezintegračných procesov. Stručná charakteristika súčasnej medzinárodnej bezpečnosti vo svetle nového chápania bezpečnosti. NATO a súčasná medzinárodná bezpečnosť vo svetle kritických teórií medzinárodných vzťahov. 
610 2 0 |a bezpečnosť medzinárodná 
610 2 0 |a vzťahy medzinárodné 
610 2 0 |a politika medzinárodná 
610 2 0 |a vývoj 
610 2 0 |a história 
610 2 0 |a sily ozbrojené 
610 2 0 |a organizácie medzinárodné 
610 2 0 |a svet 
100 1 |a Škvrnda, František